000 00384nam a22001577a 4500
003 MPLRDC
005 20220104124801.0
008 210129b ||||| |||| 00| 0 eng d
082 _a782.29 YTF
100 _a杨廷福 等著
245 _a中国四大旅行家
_c
260 _a
_b香港中流出版社
_c1984
300 _b
650 _a中国传记
942 _cBK
_o782.29 YTF
999 _c22121
_d22111